[Event "HUN-chT 1920"]
[Site "Hungary"]
[Date "2020.03.08"]
[Round "7.4"]
[White "Kosic, Dragan"]
[Black "Nagy, Daniel"]
[Result "1/2-1/2"]
[WhiteElo "2477"]
[BlackElo "2361"]
[PlyCount "62"]
[EventDate "2019.11.16"]
[EventType "team-tourn"]
[EventRounds "9"]
[EventCountry "HUN"]
[SourceTitle "CBM 195 Extra"]
[Source "ChessBase"]
[SourceDate "2020.05.31"]
[SourceVersion "1"]
[SourceVersionDate "2020.05.31"]
[SourceQuality "1"]
[WhiteTeam "Mako Duocor"]
[BlackTeam "Maroczy"]
[WhiteTeamCountry "HUN"]
[BlackTeamCountry "HUN"]

1. d4 Nf6 2. Nf3 g6 3. c4 Bg7 4. Nc3 d6 5. e4 0-0 6. Be2 e5 7. Be3 Nbd7 8. 0-0 Re8 9. d5 Nh5 10. g3 Bf8 11. Ne1 Ng7 12. Ng2 f5 13. f3 a5 14. Qd2 Nc5 15. Rae1 b6 16. Bd1 Bd7 17. Bc2 Be7 18. f4 Bf6 19. fxe5 Bxe5 20. Bg5 Qc8 21. Nf4 Rf8 22. b3 Rf7 23. Nfe2 fxe4 24. Rxf7 Kxf7 25. Rf1+ Kg8 26. Nxe4 Nxe4 27. Bxe4 Bh3 28. Rf2 Qd7 29. Bf4 Re8 30. Bxe5 Rxe5 31. Qf4 Qe7 1/2-1/2

[Event "HUN-chT 1920"]
[Site "Hungary"]
[Date "2020.02.16"]
[Round "6.4"]
[White "Nagy, Daniel"]
[Black "Rogic, Davor"]
[Result "0-1"]
[WhiteElo "2361"]
[BlackElo "2494"]
[PlyCount "76"]
[EventDate "2019.11.16"]
[EventType "team-tourn"]
[EventRounds "9"]
[EventCountry "HUN"]
[SourceTitle "CBM 195 Extra"]
[Source "ChessBase"]
[SourceDate "2020.05.31"]
[SourceVersion "1"]
[SourceVersionDate "2020.05.31"]
[SourceQuality "1"]
[WhiteTeam "Maroczy"]
[BlackTeam "Morihana"]
[WhiteTeamCountry "HUN"]
[BlackTeamCountry "HUN"]

1. d4 d5 2. c4 c6 3. Nf3 Nf6 4. Nc3 e6 5. g3 Be7 6. Bg2 0-0 7. 0-0 b6 8. b3 Nbd7 9. Qd3 Bb7 10. Rd1 a5 11. Bb2 a4 12. Rab1 axb3 13. axb3 b5 14. c5 b4 15. Na4 Ba6 16. Qc2 Bb5 17. Ne1 Qc7 18. Nd3 Rfb8 19. Bc1 Rb7 20. Bf4 Bxd3 21. Rxd3 Qa5 22. f3 h6 23. e4 dxe4 24. fxe4 e5 25. dxe5 Ng4 26. Bh3 Ndxe5 27. Bxg4 Nxg4 28. Re1 Nf6 29. Bd6 Re8 30. Qc4 Rd7 31. Red1 Bxd6 32. cxd6 Rxe4 33. Qxc6 Qe5 34. Nc5 Re1+ 35. Rxe1 Qxe1+ 36. Kg2 Qe2+ 37. Kh3 g5 38. Qf3 g4+ 0-1

[Event "HUN-chT 1920"]
[Site "Hungary"]
[Date "2020.02.02"]
[Round "5.4"]
[White "Juhasz, Kristof"]
[Black "Nagy, Daniel"]
[Result "1-0"]
[WhiteElo "2449"]
[BlackElo "2361"]
[PlyCount "97"]
[EventDate "2019.11.16"]
[EventType "team-tourn"]
[EventRounds "9"]
[EventCountry "HUN"]
[SourceTitle "CBM 194 Extra"]
[Source "ChessBase"]
[SourceDate "2020.03.31"]
[SourceVersion "1"]
[SourceVersionDate "2020.03.31"]
[SourceQuality "1"]
[WhiteTeam "Budapest MTK"]
[BlackTeam "Maroczy"]
[WhiteTeamCountry "HUN"]
[BlackTeamCountry "HUN"]

1. c4 e6 2. Nf3 d5 3. d4 c6 4. g3 Nf6 5. Bg2 Be7 6. Nc3 Nbd7 7. Qd3 b6 8. 0-0 Ba6 9. b3 Rc8 10. e4 0-0 11. Rd1 Qc7 12. e5 Ne8 13. a4 g6 14. Bg5 Qd8 15. Bh6 Ng7 16. Rac1 Rc7 17. g4 Qc8 18. Ng5 c5 19. Nb5 Bxb5 20. axb5 cxd4 21. Qxd4 Nc5 22. Qc3 dxc4 23. bxc4 Rd8 24. Qf3 Rf8 25. Qh3 Bxg5 26. Bxg5 Nd7 27. Qc3 Nc5 28. Qe3 Nd7 29. Rd4 f6 30. exf6 Nxf6 31. h3 Rcf7 32. Rcd1 Nd7 33. Bc6 Nc5 34. Qg3 Qc7 35. Qxc7 Rxc7 36. Be3 Nb7 37. Rd7 Rf7 38. Rxc7 Rxc7 39. Bf4 Rf7 40. Bb8 Na5 41. Bg2 h5 42. Rd8+ Kh7 43. Rc8 hxg4 44. hxg4 Kh6 45. Be5 Kg5 46. f3 Nb7 47. Rg8 Kh6 48. Rh8+ Kg5 49. Rh7 1-0

[Event "HUN-chT 1920"]
[Site "Hungary"]
[Date "2019.12.15"]
[Round "4.4"]
[White "Nagy, Daniel"]
[Black "Nemeth, Miklos"]
[Result "1/2-1/2"]
[WhiteElo "2361"]
[BlackElo "2487"]
[PlyCount "61"]
[EventDate "2019.11.16"]
[EventType "team-tourn"]
[EventRounds "9"]
[EventCountry "HUN"]
[SourceTitle "CBM 193 Extra"]
[Source "ChessBase"]
[SourceDate "2020.01.31"]
[SourceVersion "1"]
[SourceVersionDate "2020.01.31"]
[SourceQuality "1"]
[WhiteTeam "Maroczy"]
[BlackTeam "HVSE Infraplan"]
[WhiteTeamCountry "HUN"]
[BlackTeamCountry "HUN"]

1. d4 Nf6 2. c4 e6 3. g3 d5 4. Bg2 Be7 5. Nf3 0-0 6. 0-0 c6 7. Qc2 b6 8. Nbd2 Bb7 9. e4 Na6 10. Rd1 Rc8 11. b3 c5 12. exd5 exd5 13. Bb2 dxc4 14. Nxc4 Qc7 15. dxc5 Be4 16. Qe2 Nxc5 17. Be5 Qc6 18. Nd4 Qd7 19. Rac1 Bxg2 20. Kxg2 Rfd8 21. Qf3 Ne8 22. Nf5 Qe6 23. Nxe7+ Qxe7 24. Bd4 Ne6 25. Be3 Rxd1 26. Rxd1 Qc7 27. a4 h6 28. h3 Rb8 29. Qf5 Qb7+ 30. Qd5 Qxd5+ 31. Rxd5 1/2-1/2

[Event "HUN-chT 1920"]
[Site "Hungary"]
[Date "2019.11.16"]
[Round "1.4"]
[White "Nagy, Daniel"]
[Black "Acs, Peter"]
[Result "1/2-1/2"]
[WhiteElo "2361"]
[BlackElo "2589"]
[PlyCount "120"]
[EventDate "2019.11.16"]
[EventType "team-tourn"]
[EventRounds "9"]
[EventCountry "HUN"]
[SourceTitle "CBM 193 Extra"]
[Source "ChessBase"]
[SourceDate "2020.01.31"]
[SourceVersion "1"]
[SourceVersionDate "2020.01.31"]
[SourceQuality "1"]
[WhiteTeam "Maroczy"]
[BlackTeam "Paks"]
[WhiteTeamCountry "HUN"]
[BlackTeamCountry "HUN"]

1. d4 Nf6 2. Bg5 e6 3. Nd2 c5 4. e3 Nc6 5. c3 b6 6. Bd3 Bb7 7. Ngf3 cxd4 8. exd4 Be7 9. Bxf6 Bxf6 10. Qe2 0-0 11. h4 g6 12. h5 Ne7 13. Ne4 Bxe4 14. Qxe4 Qc7 15. Qg4 Kg7 16. Qh3 g5 17. h6+ Kh8 18. Qh5 Ng6 19. g3 Qd8 20. Qg4 Be7 21. Ne5 f5 22. Qe2 Bf6 23. Nxg6+ hxg6 24. 0-0-0 Rb8 25. g4 Qc7 26. Kb1 Qf4 27. gxf5 exf5 28. Rde1 Rf7 29. Qc2 Qd6 30. Re3 Re7 31. Rhe1 Rbe8 32. Bc4 Kh7 33. Qb3 Rxe3 34. fxe3 Qg3 35. Rd1 Re7 36. Bg8+ Kh8 37. Bf7 Qxe3 38. Bxg6 Qe4+ 39. Ka1 g4 40. Qc4 Qc6 41. Qf1 Qf3 42. Bxf5 Bg5 43. Qxf3 gxf3 44. Rf1 Bxh6 45. Rxf3 Re1+ 46. Bb1 Re2 47. Rf5 Kg7 48. Rb5 Kf6 49. a4 Bc1 50. Bd3 Rg2 51. Kb1 Rg1 52. Bc2 Bf4+ 53. Ka2 Rg5 54. Rxg5 Bxg5 55. Kb3 Ke7 56. Kc4 Kd6 57. Be4 a5 58. Kb5 Kc7 59. b4 axb4 60. cxb4 Be3 1/2-1/2

[Event "HUN-chT 1819"]
[Site "Hungary"]
[Date "2019.04.27"]
[Round "8.3"]
[White "Popovic, Dusan"]
[Black "Nagy, Daniel"]
[Result "1-0"]
[WhiteElo "2510"]
[BlackElo "2353"]
[PlyCount "67"]
[EventDate "2018.11.17"]
[EventType "team-tourn"]
[EventRounds "9"]
[EventCountry "HUN"]
[SourceTitle "CBM 190 Extra"]
[Source "ChessBase"]
[SourceDate "2019.07.15"]
[SourceVersion "1"]
[SourceVersionDate "2019.07.15"]
[SourceQuality "1"]
[WhiteTeam "Mako Duocor"]
[BlackTeam "Maroczy"]
[WhiteTeamCountry "HUN"]
[BlackTeamCountry "HUN"]

1. e4 c6 2. d4 d5 3. e5 Bf5 4. Nd2 e6 5. Nb3 Nd7 6. Nf3 Ne7 7. Be2 c5 8. dxc5 a6 9. 0-0 Be4 10. c4 Bxf3 11. Bxf3 Nxe5 12. cxd5 Nxf3+ 13. Qxf3 Qxd5 14. Qe2 Nf5 15. Rd1 Qc6 16. Be3 Be7 17. Rac1 a5 18. Bd2 Bd8 19. Bf4 0-0 20. Nd4 Nxd4 21. Rxd4 Be7 22. Bd6 Rfd8 23. Rcd1 Bf6 24. Rf4 b6 25. Rxf6 gxf6 26. Qg4+ Kh8 27. Qf4 Kg7 28. Rd3 Rxd6 29. cxd6 Rd8 30. h3 Kf8 31. Qxf6 Rxd6 32. Rc3 Rd1+ 33. Kh2 Qd6+ 34. f4 1-0

[Event "HUN-chT 1819"]
[Site "Hungary"]
[Date "2019.01.27"]
[Round "4.5"]
[White "Nagy, Daniel"]
[Black "Gonda, Laszlo"]
[Result "0-1"]
[WhiteElo "2353"]
[BlackElo "2524"]
[PlyCount "90"]
[EventDate "2018.11.17"]
[EventType "team-tourn"]
[EventRounds "9"]
[EventCountry "HUN"]
[SourceTitle "CBM 188 Extra"]
[Source "ChessBase"]
[SourceDate "2019.02.26"]
[SourceVersion "1"]
[SourceVersionDate "2019.02.26"]
[SourceQuality "1"]
[WhiteTeam "Maroczy"]
[BlackTeam "Dunaharaszti"]
[WhiteTeamCountry "HUN"]
[BlackTeamCountry "HUN"]

1. d4 Nf6 2. Nf3 c5 3. d5 b5 4. c4 e6 5. Bg5 b4 6. e4 d6 7. Nbd2 Be7 8. Be3 Ng4 9. Bf4 e5 10. Bg3 g6 11. Ng1 0-0 12. Be2 Nh6 13. f4 exf4 14. Bxf4 Bg5 15. Bxg5 Qxg5 16. Ngf3 Qe7 17. 0-0 Ng4 18. Qb3 Nd7 19. Rae1 a5 20. a3 a4 21. Qd3 Rb8 22. Bd1 Nde5 23. Nxe5 Nxe5 24. Qc2 Bd7 25. Nf3 bxa3 26. bxa3 Rb3 27. Nxe5 Qxe5 28. Rf3 Rfb8 29. Qf2 Rb2 30. Qf1 Be8 31. Kh1 Ra2 32. Rfe3 Rb1 33. Qf3 Rd2 34. Rf1 Qd4 35. Ree1 Rbb2 36. Qg3 Rxg2 37. Qxg2 Rxg2 38. Kxg2 Qxc4 39. Re3 Qd4 40. Rfe1 Bd7 41. Bf3 f6 42. h3 h5 43. Bd1 Qd2+ 44. R3e2 Qg5+ 45. Kh2 Qh4 0-1

[Event "HUN-chT 1819"]
[Site "Hungary"]
[Date "2018.11.18"]
[Round "2.3"]
[White "Nagy, Daniel"]
[Black "Naiditsch, Arkadij"]
[Result "0-1"]
[WhiteElo "2353"]
[BlackElo "2736"]
[PlyCount "70"]
[EventDate "2018.11.17"]
[EventType "team-tourn"]
[EventRounds "9"]
[EventCountry "HUN"]
[SourceTitle "CBM 187 Extra"]
[Source "ChessBase"]
[SourceDate "2018.11.04"]
[SourceVersion "1"]
[SourceVersionDate "2018.11.04"]
[SourceQuality "1"]
[WhiteTeam "Maroczy"]
[BlackTeam "Aquaprofit"]
[WhiteTeamCountry "HUN"]
[BlackTeamCountry "HUN"]

1. d4 Nf6 2. Nf3 g6 3. g3 Bg7 4. c4 0-0 5. Bg2 d6 6. Nc3 Nbd7 7. 0-0 e5 8. e3 Re8 9. b3 a6 10. Bb2 Rb8 11. a4 a5 12. Qc2 c6 13. Rfd1 exd4 14. Nxd4 Nc5 15. Ba3 Qb6 16. h3 Bd7 17. Rd2 h5 18. Rad1 Rbd8 19. Bxc5 Qxc5 20. Nce2 Bc8 21. Nf4 Qb6 22. Rc1 Nd7 23. Nfe2 Nc5 24. Rcd1 Re7 25. Kh2 Rde8 26. Nc1 Ne4 27. Rd3 Qc5 28. f3 Nxg3 29. Kxg3 Rxe3 30. Kh2 Qe5+ 31. Kg1 Re1+ 32. Rxe1 Qxe1+ 33. Bf1 Bxh3 34. Qf2 Qxc1 35. Ne2 Qa1 0-1

[Event "HUN-chT 1819"]
[Site "Hungary"]
[Date "2018.11.17"]
[Round "1.2"]
[White "Babula, Vlastimil"]
[Black "Nagy, Daniel"]
[Result "1-0"]
[WhiteElo "2538"]
[BlackElo "2353"]
[PlyCount "79"]
[EventDate "2018.11.17"]
[EventType "team-tourn"]
[EventRounds "9"]
[EventCountry "HUN"]
[SourceTitle "CBM 187 Extra"]
[Source "ChessBase"]
[SourceDate "2018.11.04"]
[SourceVersion "1"]
[SourceVersionDate "2018.11.04"]
[SourceQuality "1"]
[WhiteTeam "HVSE Infraplan"]
[BlackTeam "Maroczy"]
[WhiteTeamCountry "HUN"]
[BlackTeamCountry "HUN"]

1. d4 Nf6 2. c4 e6 3. Nc3 c5 4. d5 exd5 5. cxd5 d6 6. Nf3 g6 7. Nd2 Nbd7 8. e4 a6 9. a4 Bg7 10. Be2 0-0 11. 0-0 Rb8 12. Ra3 Ne8 13. a5 Nc7 14. Nc4 Ne5 15. Nb6 Nd7 16. Nxc8 Qxc8 17. Bf4 Ne8 18. Qd2 Ne5 19. Na4 f5 20. Nb6 Qc7 21. exf5 gxf5 22. b4 cxb4 23. Qxb4 Ng6 24. Rc1 Qd8 25. Re3 Rf7 26. Re6 Nxf4 27. Qxf4 Be5 28. Qb4 Qg5 29. Rc4 Rg7 30. Bf1 f4 31. Nc8 Nc7 32. Rxc7 Rxc7 33. Nxd6 Bxd6 34. Qxd6 Rbc8 35. Re5 Qg7 36. h4 Kh8 37. Bd3 f3 38. g3 Rc1+ 39. Kh2 Rd1 40. Re7 1-0

[Event "HUN-chT2 Maroczy 1718"]
[Site "Hungary"]
[Date "2018.01.28"]
[Round "5.4"]
[White "Nagy, Daniel"]
[Black "Halak, Miklos"]
[Result "1-0"]
[WhiteElo "2294"]
[BlackElo "2233"]
[PlyCount "119"]
[EventDate "2017.10.29"]
[EventType "team-tourn"]
[EventRounds "9"]
[EventCountry "HUN"]
[SourceTitle "EXT 2021"]
[Source "ChessBase"]
[SourceDate "2020.10.23"]
[SourceVersion "1"]
[SourceVersionDate "2020.10.23"]
[SourceQuality "1"]
[WhiteTeam "Szeged Maroczy"]
[BlackTeam "Budapest Kobanya II"]
[WhiteTeamCountry "HUN"]
[BlackTeamCountry "HUN"]

1. d4 Nf6 2. Nf3 g6 3. g3 Bg7 4. Bg2 0-0 5. c4 d6 6. Nc3 Nbd7 7. 0-0 e5 8. h3 c6 9. e4 Qa5 10. Re1 exd4 11. Nxd4 Ne5 12. Bf1 Be6 13. Nxe6 fxe6 14. Kg2 Rad8 15. Qc2 Nf3 16. Rd1 g5 17. Be2 g4 18. hxg4 Nxg4 19. Bxf3 Rxf3 20. Kxf3 Qh5 21. Bf4 Nxf2+ 22. Kg2 Qh3+ 23. Kxf2 Qh2+ 24. Kf1 Qxc2 25. Rd2 Qxc3 26. bxc3 Bxc3 27. Rad1 Bxd2 28. Rxd2 d5 29. cxd5 cxd5 30. Ke2 Kf7 31. Rc2 Rd7 32. exd5 exd5 33. Kd3 b6 34. Kd4 Kf6 35. Rh2 Kg6 36. Rh6+ Kf5 37. Rh5+ Kg4 38. Rg5+ Kf3 39. Rxd5 Re7 40. Kc4 Re2 41. a3 Re7 42. Kb5 Ke4 43. Rd2 Rf7 44. Re2+ Kd3 45. Re5 Kd4 46. Ka6 Rd7 47. Re1 Rf7 48. Bb8 Rf5 49. Kxa7 Ra5+ 50. Kxb6 Rxa3 51. Rh1 Rb3+ 52. Ka7 Ra3+ 53. Kb7 Rb3+ 54. Kc8 Ke4 55. Rxh7 Kf5 56. Rf7+ Kg6 57. Rf2 Rd3 58. Bf4 Rd1 59. Rd2 Re1 60. Kd7 1-0

[Event "HUN-chT U18"]
[Site "Hajduboszormeny"]
[Date "2016.11.03"]
[Round "2.42"]
[White "Nagy, Daniel"]
[Black "Ruska, Zoltan Jr"]
[Result "1/2-1/2"]
[WhiteElo "1323"]
[BlackElo "1326"]
[PlyCount "38"]
[EventDate "2016.11.02"]
[EventType "team-swiss"]
[EventRounds "8"]
[EventCountry "HUN"]
[SourceTitle "CBM 175 Extra"]
[Source "ChessBase"]
[SourceDate "2016.12.12"]
[SourceVersion "1"]
[SourceVersionDate "2016.12.12"]
[SourceQuality "1"]

1. e4 e5 2. Nf3 Nc6 3. Bc4 Be7 4. Nc3 Nf6 5. d3 h6 6. Be3 Bb4 7. 0-0 Bxc3 8. bxc3 0-0 9. h3 d6 10. Nd2 Na5 11. Bb3 Nxb3 12. cxb3 c5 13. f4 b6 14. Nc4 Qe7 15. Qf3 Bb7 16. f5 d5 17. Nd2 d4 18. cxd4 cxd4 19. Bf2 Rac8 1/2-1/2

[Event "HUN-chT U18"]
[Site "Hajduboszormeny"]
[Date "2016.11.02"]
[Round "1.60"]
[White "Balogh, Judit Dora"]
[Black "Nagy, Daniel"]
[Result "0-1"]
[WhiteElo "1635"]
[BlackElo "1323"]
[PlyCount "104"]
[EventDate "2016.11.02"]
[EventType "team-swiss"]
[EventRounds "8"]
[EventCountry "HUN"]
[SourceTitle "CBM 175 Extra"]
[Source "ChessBase"]
[SourceDate "2016.12.12"]
[SourceVersion "1"]
[SourceVersionDate "2016.12.12"]
[SourceQuality "1"]

1. d4 d5 2. c4 e6 3. Nc3 Nf6 4. Bg5 Be7 5. Nf3 Nc6 6. e3 b6 7. Bd3 Bb7 8. 0-0 0-0 9. Qc2 h6 10. Bf4 Nb4 11. Qd2 Nxd3 12. Qxd3 dxc4 13. Qe2 Nd5 14. Bg3 Nxc3 15. bxc3 b5 16. Rfb1 a6 17. a4 Qd7 18. Ne5 Qd5 19. Nf3 c5 20. Re1 cxd4 21. exd4 Qc6 22. Qf1 Qb6 23. Ne5 Rfd8 24. Rab1 Bd5 25. Nxc4 Bxc4 26. Qxc4 Rac8 27. Qb3 Qc6 28. axb5 axb5 29. Re3 Bg5 30. f4 Bf6 31. Qxb5 Qxb5 32. Rxb5 Rxc3 33. Rxc3 Bxd4+ 34. Kf1 Bxc3 35. Ke2 Ra8 36. Rb7 Ra2+ 37. Kf3 Ra3 38. Ke2 Ra4 39. Rb5 Kh7 40. Kf3 Kg6 41. Bf2 Bd2 42. g3 Ra3+ 43. Kg4 f5+ 44. Kh4 Ra2 45. Kh3 Bxf4 46. Bd4 Bc7 47. Rb7 Rc2 48. Ra7 e5 49. Ra6+ Kh5 50. Be3 g5 51. g4+ fxg4+ 52. Kg3 e4+ 0-1

[Event "HUN-chT2 Maroczy 1516"]
[Site "Hungary"]
[Date "2016.03.20"]
[Round "7.5"]
[White "Medvegy, Nora"]
[Black "Nagy, Daniel"]
[Result "1/2-1/2"]
[WhiteElo "2357"]
[BlackElo "2254"]
[PlyCount "49"]
[EventDate "2015.10.18"]
[EventType "team-tourn"]
[EventRounds "9"]
[EventCountry "HUN"]
[SourceTitle "EXT 2017"]
[Source "ChessBase"]
[SourceDate "2016.10.25"]
[SourceVersion "1"]
[SourceVersionDate "2016.10.25"]
[SourceQuality "1"]
[WhiteTeam "DVTK EMSE"]
[BlackTeam "Maroczy"]
[WhiteTeamCountry "HUN"]
[BlackTeamCountry "HUN"]

1. e4 c6 2. Nf3 d5 3. Nc3 Bg4 4. h3 Bxf3 5. Qxf3 e6 6. d3 Nd7 7. Qg3 Qb8 8. Bf4 e5 9. Bd2 Ngf6 10. Be2 dxe4 11. dxe4 b5 12. Bf3 g6 13. 0-0 h5 14. Bg5 Nh7 15. Be3 Be7 16. Rad1 Qc7 17. h4 0-0-0 18. Qh3 Kb7 19. Be2 a6 20. a3 Ndf6 21. Qg3 Rxd1 22. Rxd1 Rd8 23. Rf1 Bd6 24. Kh1 Qe7 25. Qh3 1/2-1/2

[Event "Budapest Karacsonyi 7th"]
[Site "Budapest"]
[Date "2015.12.28"]
[Round "3"]
[White "Lakat, Gyula"]
[Black "Nagy, Daniel"]
[Result "1-0"]
[WhiteElo "1783"]
[BlackElo "1148"]
[PlyCount "119"]
[EventDate "2015.12.27"]
[EventType "swiss"]
[EventRounds "7"]
[EventCountry "HUN"]
[SourceTitle "CBM 170 Extra"]
[Source "ChessBase"]
[SourceDate "2016.02.25"]
[SourceVersion "1"]
[SourceVersionDate "2016.02.25"]
[SourceQuality "1"]

1. e4 e5 2. Nf3 Nc6 3. Bb5 d6 4. 0-0 Nf6 5. Re1 Bd7 6. c3 a6 7. Ba4 b5 8. Bc2 Bg4 9. h3 Bxf3 10. Qxf3 Be7 11. d3 0-0 12. Be3 b4 13. d4 bxc3 14. bxc3 exd4 15. cxd4 Nb4 16. Bb3 a5 17. Nc3 Qd7 18. a4 Rab8 19. Rab1 Rfc8 20. e5 dxe5 21. dxe5 Qd3 22. exf6 Bxf6 23. Ne4 Re8 24. Nxf6+ gxf6 25. Qg4+ Qg6 26. Qxg6+ hxg6 27. Bf4 Rxe1+ 28. Rxe1 Nd3 29. Rb1 Kf8 30. Bxc7 Rb7 31. Bd6+ Kg7 32. Bc2 Rxb1+ 33. Bxb1 Nb2 34. Bc7 Nxa4 35. Bxa5 Nc5 36. Bc2 Nb7 37. Bb4 Nd8 38. Bb3 Nc6 39. Bc3 Nd8 40. Bd5 Ne6 41. Bxe6 fxe6 42. g4 Kf7 43. f4 f5 44. g5 Ke7 45. Be5 Kf7 46. Kf2 Ke7 47. Ke3 Kd7 48. Kd4 Ke7 49. Kc5 Kd7 50. h4 Ke7 51. Kc6 Kf7 52. Kd7 Kf8 53. Kxe6 Kg8 54. Kf6 Kh7 55. Bd6 Kh8 56. Kxg6 Kg8 57. h5 Kh8 58. h6 Kg8 59. h7+ Kh8 60. Be5# 1-0

[Event "Budapest Karacsonyi 7th"]
[Site "Budapest"]
[Date "2015.12.28"]
[Round "2"]
[White "Nagy, Daniel"]
[Black "Balogh, Lajos"]
[Result "0-1"]
[WhiteElo "1148"]
[BlackElo "1995"]
[PlyCount "83"]
[EventDate "2015.12.27"]
[EventType "swiss"]
[EventRounds "7"]
[EventCountry "HUN"]
[SourceTitle "CBM 170 Extra"]
[Source "ChessBase"]
[SourceDate "2016.02.25"]
[SourceVersion "1"]
[SourceVersionDate "2016.02.25"]
[SourceQuality "1"]

1. e4 c5 2. Nc3 Nc6 3. Nf3 e6 4. Bc4 a6 5. Be2 d5 6. d3 d4 7. Nb1 e5 8. b3 Nf6 9. Bb2 Be7 10. Nbd2 b5 11. 0-0 0-0 12. c4 Bg4 13. Qc2 Nh5 14. Ba3 Nf4 15. Rfe1 b4 16. Bb2 Qd6 17. a3 Qg6 18. axb4 Nxb4 19. Qb1 Bxf3 20. Bxf3 Nbxd3 21. Rf1 Nh3+ 22. Kh1 Ndxf2+ 23. Rxf2 Nxf2+ 24. Kg1 Nh3+ 25. Kh1 Nf4 26. g3 Ne6 27. Qd1 Bg5 28. Qe2 Ra7 29. Rf1 Qh6 30. Bc1 Be3 31. Rd1 a5 32. Ba3 Rb8 33. Nf1 Rxb3 34. Nxe3 Qxe3 35. Qxe3 Rxe3 36. Bb2 Rxf3 37. Kg2 Rb3 38. Rd2 Rab7 39. Bc1 Rb1 40. Ba3 R7b3 41. Ra2 d3 42. Bxc5 0-1

[Event "HUN-chT2 Maroczy 1516"]
[Site "Hungary"]
[Date "2015.11.29"]
[Round "3.5"]
[White "Tamassy, Zoltan"]
[Black "Nagy, Daniel"]
[Result "1/2-1/2"]
[WhiteElo "2162"]
[BlackElo "2254"]
[PlyCount "78"]
[EventDate "2015.10.18"]
[EventType "team-tourn"]
[EventRounds "9"]
[EventCountry "HUN"]
[SourceTitle "CBM 170 Extra"]
[Source "ChessBase"]
[SourceDate "2016.02.25"]
[SourceVersion "1"]
[SourceVersionDate "2016.02.25"]
[SourceQuality "1"]
[WhiteTeam "Szigetszentmiklos"]
[BlackTeam "Maroczy"]
[WhiteTeamCountry "HUN"]
[BlackTeamCountry "HUN"]

1. d4 c5 2. c3 Nf6 3. Bg5 Ne4 4. Bf4 d5 5. e3 Nc6 6. Nd2 Nxd2 7. Qxd2 Bf5 8. Bd3 Bxd3 9. Qxd3 e6 10. Nf3 Bd6 11. Bg3 0-0 12. 0-0 Bxg3 13. hxg3 c4 14. Qc2 f5 15. b4 Rf6 16. b5 Nb8 17. Ne5 Nd7 18. Nxd7 Qxd7 19. a4 g5 20. f3 Re8 21. e4 Qc7 22. e5 Rg6 23. Kf2 f4 24. g4 Qg7 25. Rh1 Rh6 26. Qb1 Rxh1 27. Qxh1 Qg6 28. Qb1 Qh6 29. Qh1 Qg6 30. Qb1 Qh6 31. a5 Re7 32. a6 b6 33. Qb4 Kf7 34. Rg1 Qg6 35. Qb1 Qxb1 36. Rxb1 Kg6 37. Rh1 Rf7 38. g3 fxg3+ 39. Kxg3 Rf4 1/2-1/2

[Event "Budapest Art Pub op 9th"]
[Site "Budapest"]
[Date "2015.11.21"]
[Round "4"]
[White "Nagy, Daniel"]
[Black "Borhy, Gyorgy Szilard"]
[Result "0-1"]
[WhiteElo "1158"]
[BlackElo "1539"]
[PlyCount "24"]
[EventDate "2015.11.20"]
[EventType "swiss"]
[EventRounds "6"]
[EventCountry "HUN"]
[SourceTitle "CBM 169 Extra"]
[Source "ChessBase"]
[SourceDate "2015.12.18"]
[SourceVersion "1"]
[SourceVersionDate "2015.12.18"]
[SourceQuality "1"]

1. e4 c5 2. Nc3 d6 3. Nf3 a6 4. a4 Nc6 5. Bc4 Bg4 6. Be2 Nf6 7. d3 g6 8. Be3 Bg7 9. 0-0 0-0 10. b3 Nd7 11. Nd2 Bxe2 12. Qxe2 Bxc3 0-1

[Event "HUN-chT2 Maroczy 1415"]
[Site "Hungary"]
[Date "2015.04.26"]
[Round "9"]
[White "Bors, Tamas"]
[Black "Nagy, Daniel"]
[Result "1/2-1/2"]
[WhiteElo "2271"]
[BlackElo "2229"]
[PlyCount "83"]
[EventDate "2014.10.12"]
[EventType "team-tourn"]
[EventRounds "9"]
[EventCountry "HUN"]
[SourceTitle "EXT 2016"]
[Source "ChessBase"]
[SourceDate "2015.10.08"]
[SourceVersion "1"]
[SourceVersionDate "2015.10.08"]
[SourceQuality "1"]
[WhiteTeam "Magyar Sakkvilag"]
[BlackTeam "Maroczy"]
[WhiteTeamCountry "HUN"]
[BlackTeamCountry "HUN"]

1. c4 Nf6 2. g3 c6 3. Nf3 d5 4. Qc2 g6 5. b3 Bg7 6. Bb2 0-0 7. Bg2 Bg4 8. 0-0 Nbd7 9. d3 Bxf3 10. Bxf3 e5 11. Nd2 Re8 12. Bg2 a5 13. a3 Bf8 14. e3 Bd6 15. Nb1 Qe7 16. Nc3 d4 17. Nd1 Bc5 18. b4 axb4 19. axb4 Rxa1 20. Bxa1 Ra8 21. Bb2 Bxb4 22. exd4 exd4 23. Bxd4 Qd6 24. Bb2 Rd8 25. d4 b5 26. Ne3 bxc4 27. Nxc4 Qe6 28. Ne3 Nd5 29. Nxd5 cxd5 30. Qb3 Bf8 31. Bxd5 Qf6 32. Rc1 Rb8 33. Qa2 Nb6 34. Bg2 Rc8 35. Rf1 Bg7 36. Ba1 Qf5 37. Qa6 Qe6 38. Qb7 Rd8 39. d5 Nxd5 40. Bxg7 Kxg7 41. Rd1 Rd7 42. Qb5 1/2-1/2

[Event "HUN-chT2 Maroczy 1415"]
[Site "Hungary"]
[Date "2014.12.14"]
[Round "4"]
[White "Zelena, Tamas"]
[Black "Nagy, Daniel"]
[Result "0-1"]
[WhiteElo "1909"]
[BlackElo "2229"]
[PlyCount "150"]
[EventDate "2014.10.12"]
[EventType "team-tourn"]
[EventRounds "9"]
[EventCountry "HUN"]
[SourceTitle "EXT 2016"]
[Source "ChessBase"]
[SourceDate "2015.10.08"]
[SourceVersion "1"]
[SourceVersionDate "2015.10.08"]
[SourceQuality "1"]
[WhiteTeam "Miskolc KisBocsok"]
[BlackTeam "Maroczy"]
[WhiteTeamCountry "HUN"]
[BlackTeamCountry "HUN"]

1. e4 c6 2. d4 d5 3. exd5 cxd5 4. Bd3 Nf6 5. c3 Bg4 6. Qb3 Qc8 7. Bf4 Nc6 8. Nd2 e6 9. Ngf3 Be7 10. 0-0 0-0 11. Rae1 a6 12. Ne5 Bh5 13. Ndf3 Nd7 14. Qc2 Bg6 15. Nxg6 hxg6 16. Re3 b5 17. Rfe1 Re8 18. Qe2 Nf8 19. Qc2 Qb7 20. Ne5 Nxe5 21. Bxe5 Rec8 22. Qe2 Ra7 23. Qg4 b4 24. Bb1 bxc3 25. bxc3 Qb2 26. Qe2 Qa3 27. c4 Qa5 28. c5 Nd7 29. Rb3 Nxe5 30. Qxe5 Bf6 31. Qe2 Bxd4 32. Bxg6 Re8 33. Bh5 Qxc5 34. Rh3 Rb7 35. Qf3 g6 36. Rg3 Bg7 37. Bg4 Rb2 38. h4 Qb4 39. Rf1 Rxa2 40. h5 g5 41. h6 Bxh6 42. Qf6 Bg7 43. Qxg5 Qd4 44. Bh5 Rf8 45. Rd1 Qb2 46. Kh2 Ra4 47. Rb1 Rh4+ 48. Qxh4 Qxb1 49. Qg5 Qb2 50. Qe7 Qe5 51. Qh4 a5 52. Bd1 Rb8 53. f4 Qa1 54. Bc2 a4 55. Rh3 Qf6 56. Qh7+ Kf8 57. Rf3 Qh6+ 58. Qxh6 Bxh6 59. Bxa4 Rb4 60. Bd1 Bxf4+ 61. g3 Bg5 62. Kh3 Ke7 63. Bc2 f6 64. Ra3 Rb6 65. Kg4 Kd6 66. Kf3 e5 67. Bf5 e4+ 68. Ke2 Ke5 69. Bg6 Rb2+ 70. Ke1 Bd2+ 71. Kd1 Bb4 72. Ra4 Bc3 73. Ra3 d4 74. Ra8 f5 75. Rf8 d3 0-1